000 00643nam a22001937a 4500
005 20251108172757.0
008 250721s9999 xx 000 0 ara d
020 _a9953442185
082 1 4 _a615.32/ترك
100 1 _aالتركماني، المظفر يوسف بن عمر بن علي بن رسول
_eمؤلف
245 1 0 _aالمعتمد في الأدوية المفردة /
264 1 _aبيروت :
_bدار القلم للطباعة و النشر،
_c(200-).
300 _a455 ص
650 1 7 _aالادويه
650 1 7 _aالنباتات الطبيه
650 1 7 _aالطب الشعبي
942 _2ddc
_cBK
999 _c88252
_d88252